banner koha

Produção de mudas de Senegalia bahiensis Benth. em diferentes volumes de tubetes (Registro n. 330010)

MARC details
000 -LÍDER
fixed length control field 03962nab a2200277 i 4500
003 - CÓDIGO MARC DA AGÊNCIA CATALOGADORA
Campo de controle BR-BrBNA
005 - DATA E HORA DA ÚLTIMA ATUALIZAÇÃO
Campo de controle 20250217140530.0
008 - CAMPO DE TAMANHO FIXO
fixed length control field 250217b2021 bl.qr|pooa||| 00| 0 por |
040 ## - FONTE DA CATALOGAÇÃO
Agência catalogadora BR-BrBNA
Idioma da catalogação por
072 ## - CATEGORIA AGRIS
Código AGRIS F02
100 ## - ENTRADA PRINCIPAL - NOME PESSOAL
Nome pessoal Freitas, Teresa Aparecida Soares de
100 ## - ENTRADA PRINCIPAL - NOME PESSOAL
Nome pessoal Lopes, Emile Caroline Silva
100 ## - ENTRADA PRINCIPAL - NOME PESSOAL
Nome pessoal Araujo, Jamille Ferreira Graham de
100 ## - ENTRADA PRINCIPAL - NOME PESSOAL
Nome pessoal Santos, Lucas Barbosa dos
100 ## - ENTRADA PRINCIPAL - NOME PESSOAL
Nome pessoal Mendonça, Andrea Vita Reis
245 ## - TÍTULO PRINCIPAL
Título principal Produção de mudas de Senegalia bahiensis Benth. em diferentes volumes de tubetes
500 ## - NOTA GERAL
Nota geral Publicação on-line; 28 ref.; 5 tables; 4 illus.; Summaries (En, Pt)
942 ## - ADDED ENTRY ELEMENTS (KOHA)
Koha item type Analítica
520 ## - NOTA DE RESUMO
Nota de conteúdo <br/><br/>RESUMO<br/><br/>Com o objetivo de definir qual o melhor volume de tubete e o tempo de permanência das mudas<br/>de Senegalia bahiensis em viveiro, foram instalados dois experimentos em delineamento inteiramente<br/>casualizado. No primeiro experimento, as mudas foram produzidas em três volumes de tubetes (55,<br/>180 e 280 cm³), constituindo os tratamentos, quatro repetições e 49 mudas por repetição. No segundo<br/>experimento, foi realizada uma simulação de campo utilizando duas mudas por repetição, totalizando<br/>24 mudas. As variáveis analisadas foram: altura, diâmetro, massa seca da parte aérea e do sistema<br/>radicular, número de folhas, incremento médio diário em altura e incremento médio diário em<br/>diâmetro. As mudas produzidas no recipiente de menor volume (55cm³) obtiveram as menores médias<br/>para todas as variáveis analisadas, tanto na fase de produção de mudas, como na simulação de campo.<br/>Em função dos resultados obtidos nos experimentos, conclui-se que para a espécie Senegalia bahiensis,<br/>por sua produção de mudas apresentar qualidade semelhante quando foram utilizados tubetes de<br/>180 e 280 cm³, recomenda-se o uso do tubete de 180 cm³, o qual, além de apresentar redução do ciclo<br/>de produção em no mínimo 33 dias, reduz o uso de insumos, nas condições em que os experimentos<br/>foram conduzidos.<br/><br/>Palavras-chave: Espinheiro-branco; Recipientes; Ciclo de produção<br/><br/><br/><br/><br/><br/>ABSTRACT<br/><br/>Along with the objective define which best volume of tubes and length of stay of seedlings Senegalia<br/>bahiensis in the nursery, two experiments in Completely Randomized Designwere installed. In the first<br/>experiment, the seedlings were produced in three volumes of tubes (tubetes) (55, 180 and 280 cm³),<br/>constituting the treatments, four replications and 49 seedlings per repetition. In the second experiment<br/>a field simulation was performed using two seedlings per replication, totaling 24 seedlings. The variables<br/>analyzed were: height, diameter, shoot dry weight, dry weight of roots, number of leaves, average<br/>daily increment in height and average daily increase in diameter. The seedlings produced in lower<br/>volume container (55cm³) had the lowest means for all variables in the seedling stage and in the field<br/>of simulation. Based on the results obtained in the experiments, it is concluded that for the Senegalia<br/>bahiensis species, once its seedling production has similar quality when using tubes of 180 and 280 cm³,<br/>it is recommended to use the 180 cm³ tube, which, besides reducing the production cycle by at least 33<br/>days, reduces the use of inputs, in the conditions under which the experiments were conducted.<br/><br/>Keywords: Espinheiro-branco; Containers; Production cycle<br/>
650 ## - ASSUNTO - THESAGRO
Cabeçalho tópico ou nome geográfico ESPINHEIRO
650 ## - ASSUNTO - THESAGRO
Cabeçalho tópico ou nome geográfico RECIPIENTE DE PLANTA
650 ## - ASSUNTO - THESAGRO
Cabeçalho tópico ou nome geográfico PRODUÇÃO
773 0# - ENTRADA ANALÍTICA
Host Biblionumber 4065
Registro do item 348518
Imprenta Santa Maria-RS Universidade Federal de Santa Maria - Centro de Pesquisas Florestais.Departamento de Ciências Florestais. Programa de Pós-Graduação em Engenharia Florestal 1991
Outro identificador 2025-1011
Título Ciência Florestal (Brazil)
ISSN 0103-9954; 1980-5098 (on-line)
Colação v. 31(3) p. 1105-1123; (Jul-Sep 2021)
Número de controle de registro BR2023001879
856 ## - ACESSO E ENDEREÇO ELETRÔNICO
Identificador uniforme de recurso - URI https://www.scielo.br/j/cflo/a/HqbHn3XXYfyLVrS7dxrZ5Jg/?format=pdf&lang=pt

Nenhum exemplar disponível.

BINAGRI

Telefone: (61)3218-2567/2388/3357/2097 - binagri@agro.gov.br

Ministério da Agricultura e Pecuária , Esplanada dos Ministérios, Bloco D, Anexo B, Brasília/DF, CEP: 70.043-900